Basic clinical neuroscience (Record no. 466857)

MARC details
000 -LEADER
fixed length control field 00576nam a2200205Ia 4500
008 - FIXED-LENGTH DATA ELEMENTS--GENERAL INFORMATION
fixed length control field 210417s9999 xx 000 0 und d
020 ## - INTERNATIONAL STANDARD BOOK NUMBER
International Standard Book Number 9781451173291
-- 1451173296
082 ## - DEWEY DECIMAL CLASSIFICATION NUMBER
Classification number 612.8 YOU
Item number 22.612.8 YOU
245 #0 - TITLE STATEMENT
Title Basic clinical neuroscience
Statement of responsibility, etc. Basic clinical neuroscience
250 ## - EDITION STATEMENT
Edition statement 3rd ed.
Remainder of edition statement "x, 443 p. : color ill. ; 26 cm. ; pbk."
260 ## - PUBLICATION, DISTRIBUTION, ETC.
Place of publication, distribution, etc. Philadelphia
Name of publisher, distributor, etc. Wolters Kluwer
Date of publication, distribution, etc. 2015
700 ## - ADDED ENTRY--PERSONAL NAME
Personal name "Young, Paul H"
Numeration "by Paul A. Young, Paul H. Young and Daniel L. Tolbert"

No items available.

Find us on the map